Surface-enhanced vibrational spectroscopy /

Bibliographic Details
Main Author: Aroca, Ricardo
Format: Book
Language:English
Published: Chichester ; Hoboken, NJ : Wiley, [2006]
Subjects:
Online Access:Table of contents

MARC

Tag First Indicator Second Indicator Subfields
LEADER 00000cam a22000004a 4500
001 in00002176621
005 20151104054800.0
008 051220s2006 enka b 001 0 eng
010 |a  2005036662 
015 |a GBA604037  |2 bnb 
016 7 |a 013354383  |2 Uk 
020 |a 0471607312 (acid-free paper) 
024 3 |a 9780471607311 
035 |a (OCoLC)ocm62532761 
040 |a DLC  |c DLC  |d UKM  |d BAKER  |d C#P  |d UtOrBLW 
042 |a pcc 
049 |a TXAM 
050 0 0 |a QD96.V53  |b A76 2006 
100 1 |a Aroca, Ricardo. 
245 1 0 |a Surface-enhanced vibrational spectroscopy /  |c Ricardo Aroca. 
264 1 |a Chichester ;  |a Hoboken, NJ :  |b Wiley,  |c [2006] 
264 4 |c ©2006 
300 |a xxv, 233 pages :  |b illustrations ;  |c 24 cm. 
336 |a text  |b txt  |2 rdacontent 
337 |a unmediated  |b n  |2 rdamedia 
338 |a volume  |b nc  |2 rdacarrier 
504 |a Includes bibliographical references and index. 
505 0 |a Theory of molecular vibrations, the origin of infrared and Raman spectra -- The interaction of light with nanoscopic metal particles and molecules on smooth reflecting surfaces -- Surface-enhanced Raman scattering (SERS) -- Chemical effects and the SERS spectrum -- Is SERS molecule specific? -- SERS/SERRS, the analytical tool -- Surface-enhanced infrared spectroscopy. 
650 0 |a Vibrational spectra. 
650 0 |a Molecular spectroscopy. 
650 0 |a Raman effect, Surface enhanced. 
856 4 1 |3 Table of contents  |u http://www.loc.gov/catdir/toc/ecip065/2005036662.html  |t 0 
945 |i PromptCat 
947 |a A14834133264 
994 |a 92  |b TXA 
948 |a cataloged  |b h  |c 2006/6/30  |d c  |e aklinger  |f 4:22:23 pm 
999 |a MARS 
999 f f |s 4bd36a6b-d1c8-3cc6-859f-f17e0ea780d4  |i e9f02489-82c6-3411-a861-3a5e886d95cf  |t 0 
952 f f |p normal  |a Texas A&M University  |b College Station  |c Sterling C. Evans Library  |d Evans: Library Stacks  |t 0  |e QD96.V53 A76 2006  |h Library of Congress classification  |i unmediated -- volume  |m A14834133264 
998 f f |a QD96.V53 A76 2006  |t 0  |l Evans: Library Stacks